[Event "43. Olimpiada Batumi 2018 Femenina"]
[Site "Batumi GEO"]
[Date "2018.10.02"]
[Round "8.4"]
[White "Sitoe, Sheila"]
[Black "Khalil, Manar"]
[Result "0-1"]
[WhiteElo "1425"]
[BlackElo "1797"]
[PlyCount "74"]
[EventDate "2018.09.24"]
[EventType "team-swiss"]
[EventRounds "11"]
[EventCountry "GEO"]
[SourceTitle "Ajedrez en Madrid"]
[Source "lmi"]
[SourceDate "2018.09.24"]
[WhiteTeam "Mozambique"]
[BlackTeam "Syria"]
[WhiteTeamCountry "MOZ"]
[BlackTeamCountry "SYR"]

1. e4 c5 2. Nf3 e6 3. Nc3 Nc6 4. Bc4 Nf6 5. d3 d6 6. a3 g6 7. O-O Bg7 8. Bg5
O-O 9. Re1 a6 10. d4 cxd4 11. Nxd4 Qc7 12. Nf3 b5 13. Ba2 Bb7 14. Qd2 Rac8 15.
Rad1 Rfd8 16. b4 Ne7 17. Re3 h6 18. Bf4 Ng4 19. Bxd6 Nxe3 20. Bxc7 Rxd2 21.
Rxd2 Rxc7 22. fxe3 Bxc3 23. Rd8+ Kg7 24. Rd6 Bxe4 25. Rxa6 Bxc2 26. Rb6 Bd3 27.
Ra6 Bf6 28. Rd6 Be4 29. Rd2 Nf5 30. Kf2 Rc3 31. Nd4 Nxd4 32. exd4 Rxa3 33. d5
Bc3 34. Re2 exd5 35. Ke3 Bb2+ 36. Kf4 Rxa2 37. Rd2 Bc1 0-1

[Event "43. Olimpiada Batumi 2018 Femenina"]
[Site "Batumi GEO"]
[Date "2018.10.02"]
[Round "8.1"]
[White "Varona-Thomas, Maria"]
[Black "Ndirangu, Joyce Nyaruai"]
[Result "1/2-1/2"]
[WhiteElo "1739"]
[BlackElo "1673"]
[PlyCount "62"]
[EventDate "2018.09.24"]
[EventType "team-swiss"]
[EventRounds "11"]
[EventCountry "GEO"]
[SourceTitle "Ajedrez en Madrid"]
[Source "lmi"]
[SourceDate "2018.09.24"]
[WhiteTeam "Guyana"]
[BlackTeam "Kenya"]
[WhiteTeamCountry "GUY"]
[BlackTeamCountry "KEN"]

1. d4 Nf6 2. Nf3 b6 3. e3 Bb7 4. Bd3 e6 5. Nbd2 c5 6. c3 Be7 7. O-O a6 8. a4 d6
9. Qe2 Nbd7 10. e4 Qc7 11. e5 Nd5 12. Nc4 dxe5 13. dxe5 Nf8 14. Ng5 h6 15. Ne4
Ng6 16. Ned6+ Bxd6 17. Nxd6+ Ke7 18. Bxg6 fxg6 19. Qg4 g5 20. f4 Raf8 21. fxg5
Rxf1+ 22. Kxf1 h5 23. Qe4 c4 24. Qg6 Rf8+ 25. Ke1 Kd8 26. Nxb7+ Qxb7 27. Qxe6
Nf4 28. Bxf4 Qe4+ 29. Kd1 Qd3+ 30. Ke1 Qe4+ 31. Kd1 Qd3+ 1/2-1/2

[Event "43. Olimpiada Batumi 2018 Femenina"]
[Site "Batumi GEO"]
[Date "2018.10.02"]
[Round "8.2"]
[White "Wanjiru, Lucy"]
[Black "Ali, Sheriffa"]
[Result "1-0"]
[WhiteElo "1475"]
[BlackElo "1365"]
[PlyCount "65"]
[EventDate "2018.09.24"]
[EventType "team-swiss"]
[EventRounds "11"]
[EventCountry "GEO"]
[SourceTitle "Ajedrez en Madrid"]
[Source "lmi"]
[SourceDate "2018.09.24"]
[WhiteTeam "Kenya"]
[BlackTeam "Guyana"]
[WhiteTeamCountry "KEN"]
[BlackTeamCountry "GUY"]

1. e4 e5 2. Bc4 Nc6 3. a4 Be7 4. Nf3 Nf6 5. d3 O-O 6. Nc3 h6 7. Ne2 d6 8. Ng3
Nh7 9. c3 Bg5 10. Nxg5 Nxg5 11. f4 exf4 12. Bxf4 Be6 13. Bxe6 fxe6 14. O-O b6
15. Qd2 Qe7 16. d4 Na5 17. Qd3 Rf7 18. Rf2 Raf8 19. Raf1 e5 20. Bxg5 Qxg5 21.
Rxf7 Rxf7 22. Rxf7 Kxf7 23. b4 Qc1+ 24. Nf1 Nb7 25. Qc4+ Ke8 26. Qxc7 Nd8 27.
Qxd6 exd4 28. cxd4 Qc4 29. Ne3 Qd3 30. Qe5+ Kf7 31. Nf5 Qc3 32. Qxg7+ Ke6 33.
d5# 1-0

[Event "43. Olimpiada Batumi 2018 Femenina"]
[Site "Batumi GEO"]
[Date "2018.10.02"]
[Round "8.3"]
[White "Johnson, Nellisha"]
[Black "Mwikali, Daphne"]
[Result "0-1"]
[WhiteElo "1123"]
[BlackElo "1481"]
[PlyCount "112"]
[EventDate "2018.09.24"]
[EventType "team-swiss"]
[EventRounds "11"]
[EventCountry "GEO"]
[SourceTitle "Ajedrez en Madrid"]
[Source "lmi"]
[SourceDate "2018.09.24"]
[WhiteTeam "Guyana"]
[BlackTeam "Kenya"]
[WhiteTeamCountry "GUY"]
[BlackTeamCountry "KEN"]

1. e4 e5 2. Nf3 d6 3. d4 exd4 4. Qxd4 Nf6 5. Nc3 Be7 6. Bc4 O-O 7. O-O Nc6 8.
Qd1 Bg4 9. Be3 Qd7 10. h3 Bh5 11. Bb5 a6 12. Be2 Rae8 13. Nh2 Bg6 14. Bf3 Bd8
15. Re1 Nxe4 16. Bg4 f5 17. Nxe4 Rxe4 18. Qd5+ Qe6 19. Qxe6+ Rxe6 20. Bf3 Kh8
21. Rad1 Bf6 22. Bd5 Re7 23. b3 Rfe8 24. Nf3 Bh5 25. Bg5 Rxe1+ 26. Rxe1 Rxe1+
27. Nxe1 Bxg5 28. Nd3 Be2 29. Bc4 g6 30. f3 b5 31. Bd5 Bxd3 32. cxd3 Nb4 33.
Bb7 Nxd3 34. Bxa6 Nb4 35. Bxb5 Nxa2 36. Kf2 d5 37. Ke1 c5 38. Bf1 d4 39. Kd1
Nb4 40. g3 Be3 41. f4 Kg7 42. Ke2 Kf6 43. Bg2 h6 44. h4 g5 45. fxg5+ hxg5 46.
h5 g4 47. Bf1 f4 48. Bg2 f3+ 49. Bxf3 gxf3+ 50. Kxf3 Bg5 51. Ke2 d3+ 52. Kd1 d2
53. Ke2 Nd5 54. Kd1 Nc3+ 55. Kc2 d1=Q+ 56. Kxc3 Qd4+ 0-1

[Event "43. Olimpiada Batumi 2018 Femenina"]
[Site "Batumi GEO"]
[Date "2018.10.02"]
[Round "8.2"]
[White "Uwase, Joselyne"]
[Black "Malehloa, Likhomo"]
[Result "1-0"]
[WhiteElo "1551"]
[BlackElo "1174"]
[PlyCount "121"]
[EventDate "2018.09.24"]
[EventType "team-swiss"]
[EventRounds "11"]
[EventCountry "GEO"]
[SourceTitle "Ajedrez en Madrid"]
[Source "lmi"]
[SourceDate "2018.09.24"]
[WhiteTeam "Rwanda"]
[BlackTeam "Lesotho"]
[WhiteTeamCountry "RWA"]
[BlackTeamCountry "LES"]

1. e4 e6 2. d4 d5 3. e5 c5 4. Be3 Qb6 5. b3 Nc6 6. Nf3 Bd7 7. Be2 cxd4 8. Bxd4
Nxd4 9. Nxd4 Bc5 10. c3 Nh6 11. O-O O-O 12. b4 Be7 13. Nd2 f6 14. N2f3 Qc7 15.
exf6 Bxf6 16. Rc1 Qd8 17. c4 Rc8 18. cxd5 Rxc1 19. Qxc1 e5 20. Ne6 Bxe6 21.
dxe6 Kh8 22. Bc4 e4 23. Ne1 Qc7 24. Qc2 Rc8 25. Bb3 Qxc2 26. Nxc2 Ng8 27. Re1
Ne7 28. Rxe4 b6 29. g4 h6 30. Rc4 Rxc4 31. Bxc4 Kg8 32. f3 Kf8 33. Bb5 Nd5 34.
Kf2 Ke7 35. Bd7 Nc7 36. Ke3 g6 37. f4 a6 38. a4 Kd6 39. Ke4 Nd5 40. b5 axb5 41.
axb5 Nc3+ 42. Kd3 Nd5 43. Ke4 Nc3+ 44. Kf3 Nd5 45. Ne3 Nxe3 46. Kxe3 Kc5 47.
Ke4 Kd6 48. Be8 Kxe6 49. Bxg6 Be7 50. Bf5+ Kd6 51. Bc8 Kc7 52. Ba6 Kd8 53. Kf5
Bf8 54. Kg6 Ke7 55. h4 Ke8 56. g5 hxg5 57. fxg5 Bc5 58. h5 Kf8 59. Kh7 Bd4 60.
h6 Be3 61. g6 1-0

[Event "43. Olimpiada Batumi 2018 Femenina"]
[Site "Batumi GEO"]
[Date "2018.10.02"]
[Round "8.1"]
[White "Esse, Akua Kosife"]
[Black "Saraci, Ndriqona"]
[Result "0-1"]
[WhiteElo "1355"]
[BlackElo "1263"]
[PlyCount "78"]
[EventDate "2018.09.24"]
[EventType "team-swiss"]
[EventRounds "11"]
[EventCountry "GEO"]
[SourceTitle "Ajedrez en Madrid"]
[Source "lmi"]
[SourceDate "2018.09.24"]
[WhiteTeam "Togo"]
[BlackTeam "Kosovo"]
[WhiteTeamCountry "TOG"]
[BlackTeamCountry "KOS"]

1. e4 c5 2. Nc3 e6 3. Bc4 a6 4. a4 Qc7 5. Nf3 Be7 6. O-O d6 7. d3 Nf6 8. Qe2
Nbd7 9. d4 cxd4 10. Nxd4 Ne5 11. Bb3 O-O 12. Qe3 Ng6 13. Qg3 Qa5 14. Rd1 Qe5
15. Rd3 Qxg3 16. Rxg3 Bd7 17. Bd2 b5 18. Re3 b4 19. Nce2 a5 20. c4 Ne5 21. f3
Rfc8 22. Rc1 Nc6 23. Nxc6 Bxc6 24. Bc2 Bb7 25. b3 d5 26. exd5 Bc5 27. dxe6 Rd8
28. exf7+ Kxf7 29. Kf1 Rxd2 30. Re5 Re8 31. Rxe8 Kxe8 32. Ng3 Kf7 33. Bb1 Rf2+
34. Ke1 Rxg2 35. Rc2 Rg1+ 36. Nf1 Bxf3 37. Rd2 Bg2 38. Bd3 Bh3 39. Kd1 Bxf1 0-1

[Event "43. Olimpiada Batumi 2018 Femenina"]
[Site "Batumi GEO"]
[Date "2018.10.02"]
[Round "8.1"]
[White "Johnson, Daijah"]
[Black "dos Ramos, Rosangela"]
[Result "0-1"]
[WhiteElo "1452"]
[BlackElo "1788"]
[PlyCount "114"]
[EventDate "2018.09.24"]
[EventType "team-swiss"]
[EventRounds "11"]
[EventCountry "GEO"]
[SourceTitle "Ajedrez en Madrid"]
[Source "lmi"]
[SourceDate "2018.09.24"]
[WhiteTeam "Bahamas"]
[BlackTeam "Surinam"]
[WhiteTeamCountry "BAH"]
[BlackTeamCountry "SUR"]

1. d4 d5 2. c4 e6 3. Nc3 Nf6 4. Nf3 Be7 5. Bg5 O-O 6. e3 h6 7. Bxf6 Bxf6 8. Bd3
c6 9. O-O Nd7 10. Qc2 Re8 11. Rfe1 a6 12. a3 b5 13. c5 e5 14. dxe5 Nxe5 15.
Nxe5 Bxe5 16. Rad1 Qh4 17. g3 Qf6 18. f4 Bxc3 19. Qxc3 Qxc3 20. bxc3 Bg4 21.
Be2 Bxe2 22. Rxe2 Re4 23. Rd4 Rae8 24. Kf2 f6 25. h3 g6 26. Kf3 Kf7 27. Kf2
R8e6 28. Kf3 Re7 29. Kf2 Ke6 30. Kf3 f5 31. Kf2 Kf6 32. h4 g5 33. h5 a5 34. Kf3
Ke6 35. Kf2 Rb7 36. Rb2 Re7 37. Re2 Kf6 38. Kf3 Re8 39. Kf2 R4e7 40. Kf3 Ke6
41. Kf2 gxf4 42. exf4+ Kf6 43. Rdd2 Rxe2+ 44. Rxe2 Re4 45. Rxe4 dxe4 46. Ke3
Ke6 47. g4 Kf6 48. Kd4 fxg4 49. Kxe4 Ke6 50. f5+ Kf6 51. Kf4 g3 52. Kxg3 Kxf5
53. Kf3 Ke5 54. Kg4 Ke4 55. Kh4 Kd3 56. Kg4 Kxc3 57. Kf5 b4 0-1

[Event "43. Olimpiada Batumi 2018 Femenina"]
[Site "Batumi GEO"]
[Date "2018.10.02"]
[Round "8.1"]
[White "Nosimilo, Mkhonto"]
[Black "Figueroa, Any"]
[Result "1/2-1/2"]
[WhiteElo "1372"]
[BlackElo "1739"]
[PlyCount "109"]
[EventDate "2018.09.24"]
[EventType "team-swiss"]
[EventRounds "11"]
[EventCountry "GEO"]
[SourceTitle "Ajedrez en Madrid"]
[Source "lmi"]
[SourceDate "2018.09.24"]
[WhiteTeam "Swaziland"]
[BlackTeam "Honduras"]
[WhiteTeamCountry "SWA"]
[BlackTeamCountry "HON"]

1. d4 Nf6 2. e3 g6 3. Bd3 Bg7 4. f4 d5 5. Nf3 O-O 6. O-O b6 7. Nbd2 Ba6 8. c4
e6 9. b3 c5 10. Ba3 Re8 11. dxc5 Ng4 12. Re1 Bxa1 13. Qxa1 dxc4 14. Be4 Nd7 15.
Bxa8 Qxa8 16. bxc4 Nxc5 17. Ne5 Nxe5 18. fxe5 Rd8 19. Re2 Ne4 20. Nxe4 Qxe4 21.
Be7 Rd7 22. Bf6 Bxc4 23. Qc1 b5 24. Rb2 a6 25. a4 Qa8 26. axb5 axb5 27. Qe1 Qe4
28. Qc1 Rb7 29. Qd2 Qd5 30. Qxd5 Bxd5 31. Kf2 Kf8 32. g3 Ke8 33. Ke2 Kd7 34.
Kd3 Kc6 35. Kd4 Kb6 36. Bd8+ Kc6 37. Bf6 Ra7 38. Rb4 Ra4 39. Rxa4 bxa4 40. Kc3
a3 41. Be7 a2 42. Kb2 Kb5 43. Bg5 Bb3 44. h4 Kc4 45. Bf4 Kd3 46. Bg5 Ke4 47.
Bf4 Kf3 48. Ka1 h6 49. Bxh6 Kxg3 50. Bg5 Kg4 51. Bf6 Kf5 52. Kb2 Ke4 53. Ka1
Kxe3 54. Kb2 Kd4 55. Ka1 1/2-1/2

[Event "43. Olimpiada Batumi 2018 Femenina"]
[Site "Batumi GEO"]
[Date "2018.10.02"]
[Round "8.2"]
[White "Ortiz, Katherine Berenice"]
[Black "Dlamini, Temahlubi Queen"]
[Result "1-0"]
[WhiteElo "1822"]
[BlackElo "1362"]
[PlyCount "63"]
[EventDate "2018.09.24"]
[EventType "team-swiss"]
[EventRounds "11"]
[EventCountry "GEO"]
[SourceTitle "Ajedrez en Madrid"]
[Source "lmi"]
[SourceDate "2018.09.24"]
[WhiteTeam "Honduras"]
[BlackTeam "Swaziland"]
[WhiteTeamCountry "HON"]
[BlackTeamCountry "SWA"]

1. d4 d5 2. e3 Nf6 3. Nf3 Bf5 4. c4 e6 5. Nc3 Bb4 6. Qa4+ Nc6 7. Ne5 Bxc3+ 8.
bxc3 O-O 9. Nxc6 bxc6 10. f3 Qd7 11. Be2 Rfe8 12. O-O h5 13. Rd1 dxc4 14. e4
Bg6 15. Qxc4 a5 16. Bf4 Rab8 17. Rab1 Rxb1 18. Rxb1 Nd5 19. Bg3 Ra8 20. Rb2 Nb6
21. Qb3 a4 22. Qd1 f5 23. exf5 exf5 24. Qc1 Kh7 25. Be5 Ra5 26. c4 a3 27. Rb3
Bf7 28. Rc3 Qe7 29. f4 g6 30. Bd1 Ra7 31. Bb3 Qb4 32. h3 1-0

[Event "43. Olimpiada Batumi 2018 Femenina"]
[Site "Batumi GEO"]
[Date "2018.10.02"]
[Round "8.3"]
[White "Nokuthula, Mkhonta"]
[Black "Garcia, Marcella"]
[Result "0-1"]
[WhiteElo "1053"]
[BlackElo "1755"]
[PlyCount "106"]
[EventDate "2018.09.24"]
[EventType "team-swiss"]
[EventRounds "11"]
[EventCountry "GEO"]
[SourceTitle "Ajedrez en Madrid"]
[Source "lmi"]
[SourceDate "2018.09.24"]
[WhiteTeam "Swaziland"]
[BlackTeam "Honduras"]
[WhiteTeamCountry "SWA"]
[BlackTeamCountry "HON"]

1. e4 c5 2. Nf3 d6 3. d4 cxd4 4. Nxd4 Nf6 5. Nc3 a6 6. Be2 e6 7. O-O Be7 8. Be3
O-O 9. f4 Nbd7 10. Bf3 Qc7 11. Qd3 Rb8 12. Rae1 b5 13. f5 Nc5 14. Qd2 b4 15.
Nd5 exd5 16. exd5 Bd7 17. Bg5 Rfe8 18. Re2 Bf8 19. Rfe1 Rxe2 20. Rxe2 Na4 21.
Qe1 Bb5 22. Re3 Nd7 23. Qg3 Ne5 24. Bh6 Kh8 25. Bg5 Qc4 26. Ne2 Qxc2 27. h3
Qxb2 28. Bf4 Nxf3+ 29. gxf3 Bxe2 30. Qf2 Bb5 31. Re4 Qxf2+ 32. Kxf2 a5 33. Kg3
Nc3 34. Re1 Nxa2 35. Bd2 Nc3 36. Kg4 Re8 37. Ra1 a4 38. Kg5 Be7+ 39. Kg4 Bf6
40. h4 b3 41. Rc1 b2 42. Rg1 b1=Q 43. Rxb1 Nxb1 44. Bb4 a3 45. Bxd6 a2 46. Bc5
a1=Q 47. d6 Qa4+ 48. f4 Qd1+ 49. Kg3 Re1 50. Bf2 Qd3+ 51. Kg2 Qe4+ 52. Kg3 Bc6
53. d7 Qf3+ 0-1

[Event "43. Olimpiada Batumi 2018 Femenina"]
[Site "Batumi GEO"]
[Date "2018.10.02"]
[Round "8.1"]
[White "Mena, Ailen Oriana"]
[Black "Ayiku, Angela Naa Amerley"]
[Result "1-0"]
[WhiteElo "1884"]
[BlackElo "1439"]
[PlyCount "95"]
[EventDate "2018.09.24"]
[EventType "team-swiss"]
[EventRounds "11"]
[EventCountry "GEO"]
[SourceTitle "Ajedrez en Madrid"]
[Source "lmi"]
[SourceDate "2018.09.24"]
[WhiteTeam "Netherlands Antilles"]
[BlackTeam "Ghana"]
[WhiteTeamCountry "AHO"]
[BlackTeamCountry "GHA"]

1. d4 d5 2. Bf4 g6 3. e3 Bg7 4. Nf3 Nf6 5. h3 Ne4 6. Bd3 b6 7. c4 Bb7 8. Qc2 c5
9. Ne5 cxd4 10. exd4 O-O 11. O-O Na6 12. a3 Rc8 13. Qe2 e6 14. cxd5 Qxd5 15.
Bxa6 Bxa6 16. Qxa6 Qxd4 17. Nf3 Qxb2 18. Nbd2 Nxd2 19. Bxd2 Rc7 20. Rab1 Qa2
21. Rfc1 Rxc1+ 22. Rxc1 Bb2 23. Rc8 Qa1+ 24. Kh2 Bxa3 25. Rxf8+ Kxf8 26. Bb4+
Kg7 27. Qxa3 Qxa3 28. Bxa3 a5 29. Nd2 b5 30. Nb3 b4 31. Bb2+ f6 32. Nxa5 g5 33.
Nc6 Kg6 34. Nxb4 e5 35. g4 h5 36. Kg3 hxg4 37. hxg4 e4 38. Nd5 Kf7 39. Nxf6 Kg6
40. Nxe4 Kh6 41. Bf6 Kg6 42. Bxg5 Kg7 43. f4 Kf7 44. f5 Kg7 45. Nd6 Kf8 46. f6
Kg8 47. f7+ Kg7 48. Bh6+ 1-0

[Event "43. Olimpiada Batumi 2018 Femenina"]
[Site "Batumi GEO"]
[Date "2018.10.02"]
[Round "8.2"]
[White "Benson, Maud"]
[Black "Sanchez, Mariana"]
[Result "0-1"]
[WhiteElo "1334"]
[BlackElo "1505"]
[PlyCount "54"]
[EventDate "2018.09.24"]
[EventType "team-swiss"]
[EventRounds "11"]
[EventCountry "GEO"]
[SourceTitle "Ajedrez en Madrid"]
[Source "lmi"]
[SourceDate "2018.09.24"]
[WhiteTeam "Ghana"]
[BlackTeam "Netherlands Antilles"]
[WhiteTeamCountry "GHA"]
[BlackTeamCountry "AHO"]

1. e4 e6 2. Nf3 d5 3. exd5 exd5 4. d4 c5 5. Nc3 Nf6 6. Be2 Nc6 7. Be3 Bf5 8. a3
Ne4 9. Nxe4 dxe4 10. Ne5 Nxd4 11. Bc4 Be6 12. c3 Bxc4 13. cxd4 Bb5 14. Qb3 Qa5+
15. Bd2 c4 16. Nxc4 Bxc4 17. Qxc4 Qf5 18. O-O Bd6 19. Bb4 Qd7 20. Rfe1 O-O 21.
Rxe4 Rfc8 22. Qb3 Qb5 23. d5 a5 24. Qd1 axb4 25. axb4 Rxa1 26. Qxa1 Qxd5 27.
Qe1 Qxe4 0-1

[Event "43. Olimpiada Batumi 2018 Femenina"]
[Site "Batumi GEO"]
[Date "2018.10.02"]
[Round "8.3"]
[White "Marcos, Taqesyah"]
[Black "Felix, Tobi"]
[Result "1/2-1/2"]
[WhiteElo "1583"]
[BlackElo "1468"]
[PlyCount "111"]
[EventDate "2018.09.24"]
[EventType "team-swiss"]
[EventRounds "11"]
[EventCountry "GEO"]
[SourceTitle "Ajedrez en Madrid"]
[Source "lmi"]
[SourceDate "2018.09.24"]
[WhiteTeam "Netherlands Antilles"]
[BlackTeam "Ghana"]
[WhiteTeamCountry "AHO"]
[BlackTeamCountry "GHA"]

1. e3 Nf6 2. b3 d5 3. Bb2 Bf5 4. Nf3 e6 5. c4 c6 6. d3 Nbd7 7. Nbd2 Bd6 8. Be2
h6 9. h3 O-O 10. O-O Nc5 11. Ne1 Rc8 12. f4 Re8 13. Ndf3 Ncd7 14. Ne5 Qb6 15.
Nc2 Qd8 16. Qe1 Qc7 17. Qg3 dxc4 18. Nxc4 Bf8 19. Rad1 Rcd8 20. Kh1 Bg6 21. Qh4
Be7 22. Qg3 Bf8 23. Ne5 Nh5 24. Bxh5 Bxh5 25. Rde1 Nxe5 26. Bxe5 Qa5 27. Qh4
Bg6 28. Rd1 Bxd3 29. Rf3 Bxc2 30. Rxd8 Rxd8 31. Rg3 Bg6 32. Bb2 Rd1+ 33. Kh2
Qe1 34. Rg4 Qxh4 35. Rxh4 Be7 36. Rg4 Bh5 37. Rxg7+ Kf8 38. Rh7 Ke8 39. Rxh6
Be2 40. Rh8+ Kd7 41. Rh7 Rd2 42. Bc3 Rd3 43. Bd4 c5 44. Bb2 Kc6 45. Rxf7 Bd6
46. e4 Bh5 47. Rf6 Rd2 48. Bc1 Rxa2 49. Rxe6 Kd7 50. Rh6 Bf3 51. Rh7+ Kc6 52.
Rg7 Bxe4 53. h4 Rc2 54. Be3 Rc3 55. Bd2 Rxb3 56. h5 1/2-1/2

[Event "43. Olimpiada Batumi 2018 Femenina"]
[Site "Batumi GEO"]
[Date "2018.10.02"]
[Round "8.4"]
[White "Ashley, Christiana Naa Merl"]
[Black "Salim-Moussa, Seydi"]
[Result "0-1"]
[WhiteElo "1246"]
[BlackElo "1601"]
[PlyCount "124"]
[EventDate "2018.09.24"]
[EventType "team-swiss"]
[EventRounds "11"]
[EventCountry "GEO"]
[SourceTitle "Ajedrez en Madrid"]
[Source "lmi"]
[SourceDate "2018.09.24"]
[WhiteTeam "Ghana"]
[BlackTeam "Netherlands Antilles"]
[WhiteTeamCountry "GHA"]
[BlackTeamCountry "AHO"]

1. d4 d6 2. c4 g6 3. Nf3 Bg7 4. Nc3 Nf6 5. Bf4 O-O 6. e3 Nc6 7. d5 Nb8 8. h3
Nbd7 9. Be2 Nc5 10. O-O Nfe4 11. Rc1 e5 12. Bh2 f5 13. b4 Nxc3 14. Rxc3 e4 15.
Nd4 Na6 16. a3 g5 17. f4 gxf4 18. Bxf4 Qh4 19. Rc2 Bd7 20. Rc1 Kh8 21. Qe1 Qxe1
22. Rcxe1 Bxd4 23. exd4 Nb8 24. Bh6 Rf6 25. Bg5 Rg6 26. h4 h6 27. Bh5 Rg8 28.
Bxh6 c6 29. Bf7 Rg3 30. Be6 Rg6 31. Bg5 Bxe6 32. dxe6 Rxe6 33. Rxf5 Nd7 34. Rf7
Nb6 35. Ref1 e3 36. Bf6+ Kg8 37. Rg7+ Kf8 38. Be5+ Ke8 39. Rg8+ Kd7 40. Rg7+
Re7 41. Bf6 Rxg7 42. Bxg7 Re8 43. Bf8 e2 44. Rf7+ Ke6 45. Re7+ Rxe7 46. Kf2
Rf7+ 47. Kxe2 Rxf8 48. Kd3 Rg8 49. c5 dxc5 50. dxc5 Nd5 51. Ke4 Rxg2 52. Kf3
Rg8 53. h5 Rg5 54. Ke4 Rxh5 55. Kd4 Rh3 56. a4 Rb3 57. b5 cxb5 58. axb5 Rxb5
59. Kc4 Rb1 60. Kd3 a5 61. Kc2 Rb5 62. Kc1 a4 0-1

[Event "43. Olimpiada Batumi 2018 Femenina"]
[Site "Batumi GEO"]
[Date "2018.10.02"]
[Round "8.2"]
[White "Ng, Sau Wai"]
[Black "Aishath, Alya Mohamed"]
[Result "0-1"]
[WhiteElo "1222"]
[BlackElo "1070"]
[PlyCount "100"]
[EventDate "2018.09.24"]
[EventType "team-swiss"]
[EventRounds "11"]
[EventCountry "GEO"]
[SourceTitle "Ajedrez en Madrid"]
[Source "lmi"]
[SourceDate "2018.09.24"]
[WhiteTeam "Hong Kong"]
[BlackTeam "Maldives"]
[WhiteTeamCountry "HKG"]
[BlackTeamCountry "MDV"]

1. d4 d5 2. c4 e6 3. Nc3 Nf6 4. Nf3 Be7 5. e3 O-O 6. Bd3 c6 7. O-O Nbd7 8. Qc2
h6 9. b3 c5 10. Bb2 b6 11. Rad1 Bb7 12. cxd5 exd5 13. Ne2 Rc8 14. Qd2 Re8 15.
Bf5 Rc7 16. Rc1 Bd6 17. Ng3 Qe7 18. Qd3 Ne4 19. Rce1 g6 20. Bxd7 Qxd7 21. dxc5
Bxc5 22. Ne5 Qe7 23. Rd1 Rd8 24. Nxe4 dxe4 25. Qe2 Bd6 26. Ng4 h5 27. Bf6 Qd7
28. Bxd8 Qxd8 29. Nh6+ Kg7 30. Nxf7 Rxf7 31. Qb2+ Kh6 32. g3 Qe7 33. Rd2 Ba3
34. Qd4 Bb4 35. Rdd1 Bc5 36. Qh8+ Rh7 37. Qd8 Qe6 38. Rd2 Qh3 39. Rfd1 Bc8 40.
Rd7 Bxd7 41. Qf6 Bg4 42. Qf4+ Kg7 43. Qe5+ Kh6 44. Qf4+ Kg7 45. Qe5+ Kf7 46.
Qxe4 Bxd1 47. Qd5+ Qe6 48. Qxd1 Qf5 49. Qd8 Kg7 50. Qc7+ Kh6 0-1

[Event "43. Olimpiada Batumi 2018 Femenina"]
[Site "Batumi GEO"]
[Date "2018.10.02"]
[Round "8.3"]
[White "Nuha, Rilwan"]
[Black "Lam, Ka Yan"]
[Result "0-1"]
[WhiteElo "1053"]
[BlackElo "1182"]
[PlyCount "60"]
[EventDate "2018.09.24"]
[EventType "team-swiss"]
[EventRounds "11"]
[EventCountry "GEO"]
[SourceTitle "Ajedrez en Madrid"]
[Source "lmi"]
[SourceDate "2018.09.24"]
[WhiteTeam "Maldives"]
[BlackTeam "Hong Kong"]
[WhiteTeamCountry "MDV"]
[BlackTeamCountry "HKG"]

1. e4 e5 2. Nf3 d6 3. h3 Nf6 4. Nc3 c6 5. d3 Be7 6. b3 Na6 7. Bb2 O-O 8. Be2
Qa5 9. Qd2 Nh5 10. Nxe5 Qxe5 11. O-O-O Bg5 12. Bxh5 Bxd2+ 13. Rxd2 Qxh5 14.
Rdd1 f6 15. Kb1 Nc7 16. Ne2 Qxe2 17. Rhf1 d5 18. Rde1 Qd2 19. Rd1 Qa5 20. a4
Re8 21. f3 b5 22. axb5 Nxb5 23. Ba1 Nc3+ 24. Bxc3 Qxc3 25. Kc1 Rb8 26. Kb1 a5
27. Rf2 a4 28. Ka2 axb3+ 29. cxb3 Ra8+ 30. Kb1 Ra1# 0-1

[Event "43. Olimpiada Batumi 2018 Femenina"]
[Site "Batumi GEO"]
[Date "2018.10.02"]
[Round "8.4"]
[White "Li, Joy Ching"]
[Black "Abdulla, Zaura"]
[Result "1-0"]
[WhiteElo "1137"]
[BlackElo "1442"]
[PlyCount "129"]
[EventDate "2018.09.24"]
[EventType "team-swiss"]
[EventRounds "11"]
[EventCountry "GEO"]
[SourceTitle "Ajedrez en Madrid"]
[Source "lmi"]
[SourceDate "2018.09.24"]
[WhiteTeam "Hong Kong"]
[BlackTeam "Maldives"]
[WhiteTeamCountry "HKG"]
[BlackTeamCountry "MDV"]

1. Nf3 d5 2. g3 Nf6 3. Bg2 g6 4. c4 c6 5. O-O Bg7 6. d4 dxc4 7. Qc2 b5 8. a4
Bf5 9. Qd1 Bxb1 10. Rxb1 b4 11. Bd2 a5 12. Ne5 O-O 13. e3 Ra6 14. Nxc4 Nfd7 15.
b3 c5 16. dxc5 Nxc5 17. Qe2 Qd3 18. Qxd3 Nxd3 19. Rfd1 Nc5 20. h3 e6 21. Nxa5
Rc8 22. Bxb4 Ra7 23. Bxc5 Rxa5 24. Bb6 Rg5 25. Rd8+ Rxd8 26. Bxd8 Rc5 27. Be7
Rc8 28. Bd6 Nd7 29. a5 Nc5 30. Bxc5 Rxc5 31. a6 Ra5 32. Bb7 Rxa6 33. Bxa6 Bf8
34. b4 Bxb4 35. Rxb4 f5 36. Bc8 Kf7 37. Rb7+ Kf6 38. Rxh7 e5 39. f4 exf4 40.
exf4 g5 41. fxg5+ Kxg5 42. h4+ Kg4 43. Rg7+ Kh5 44. Rg5+ Kh6 45. Rxf5 Kg6 46.
Ra5 Kf6 47. Rg5 Kf7 48. Be6+ Kxe6 49. h5 Kf6 50. Rg4 Kf5 51. h6 Kxg4 52. h7
Kxg3 53. h8=Q Kf4 54. Qe8 Kf5 55. Qe3 Kg6 56. Qf4 Kh5 57. Qg3 Kh6 58. Qg4 Kh7
59. Qg5 Kh8 60. Kf2 Kh7 61. Kf3 Kh8 62. Kf4 Kh7 63. Kf5 Kh8 64. Kf6 Kh7 65.
Qg7# 1-0

[Event "43. Olimpiada Batumi 2018 Femenina"]
[Site "Batumi GEO"]
[Date "2018.10.02"]
[Round "8.1"]
[White "Thornton, Filipina"]
[Black "Tjaronda, Nicola"]
[Result "0-1"]
[WhiteElo "1712"]
[BlackElo "1503"]
[PlyCount "96"]
[EventDate "2018.09.24"]
[EventType "team-swiss"]
[EventRounds "11"]
[EventCountry "GEO"]
[SourceTitle "Ajedrez en Madrid"]
[Source "lmi"]
[SourceDate "2018.09.24"]
[WhiteTeam "Malta"]
[BlackTeam "Namibia"]
[WhiteTeamCountry "MLT"]
[BlackTeamCountry "NAM"]

1. d4 d6 2. Nf3 g6 3. c4 Bg7 4. Nc3 e5 5. dxe5 dxe5 6. Qxd8+ Kxd8 7. Bg5+ f6 8.
Rd1+ Nd7 9. Bh4 Ne7 10. e4 Ke8 11. Be2 c6 12. b4 Nf8 13. O-O Ne6 14. Rd6 Bd7
15. Rfd1 Rd8 16. c5 Nc8 17. R6d2 g5 18. Bg3 Ke7 19. Bc4 Nf4 20. Ne1 Bg4 21. f3
Rxd2 22. Rxd2 Bh5 23. Nc2 Rd8 24. Rxd8 Kxd8 25. Ne3 Ne7 26. b5 Ke8 27. a4 Bf7
28. Bxf7+ Kxf7 29. a5 Nd3 30. Nc4 Nc8 31. a6 bxa6 32. bxc6 Nxc5 33. Na5 Ke8 34.
Bf2 Ne6 35. Nd5 Nd4 36. Nc7+ Ke7 37. Kf1 Kd6 38. Ne8+ Kc5 39. Bxd4+ exd4 40.
Nxg7 Kb4 41. Nb7 a5 42. Ne8 a4 43. Nxf6 a3 44. Nd5+ Kb5 45. e5 a2 46. Nd6+ Nxd6
47. exd6 a1=Q+ 48. Ke2 Kxc6 0-1